Statistics for Easy General Knowledge #5

Click here to take the quiz!

General Stats

  • This quiz has been taken 110 times
    (83 since last reset)
  • The average score is 10 of 15

Answer Stats

QuestionAnswer% Correct
What animal is typically pink?Flamingo
99%
What do pandas normally eat?Bamboo
95%
COVID-19 is what?A virus
92%
Name the organ that keeps beating to produce blood.Heart
92%
Name the planet that is located closest to the Sun.Mercury
90%
The first iPhone was developed in what year?2007
88%
Who was chosen by God to spread the Ten Commandments?Moses
73%
If you are afraid of spiders, you have what?Arachnophobia
70%
Brazil holds the record for producing the most what?Coffee
56%
Who is the most successful team in F1 history?Ferrari
48%
Finish this famous quote. "We are the ........ bobsled team!"Jamaican
44%
Why is 'Young Sheldon' and 'The Big Bang Theory' connected with each other? (what character do they both contain?)Sheldon Cooper
40%
Who portrayed Vito Corleone in the Godather?Marlon Brando
36%
Ash Barty shocked the world by retiring in March of 2022. She won 3 Grand Slams at 3 different venues. What tournament did she not win a Grand Slam at?US Open
26%
Ford produces the Mustang. Chevrolet produces the Camaro. Pontiac produced what? (Hint: featured in Smokey and the Bandit?)Firebird
14%

Score Distribution

Percentile by Number Answered

Percent of People with Each Score

Your Score History

You have not taken this quiz since the last reset